| 000 | 02615cam a22005414i 4500 | ||
|---|---|---|---|
| 003 | PE-LiUPU | ||
| 005 | 20250904150229.0 | ||
| 008 | 150706s2010 flua rb 000 0 spa d | ||
| 020 | _a9780789917911 | ||
| 035 | _a(Sirsi) i9780789917911 | ||
| 040 |
_aPE-LiUPU _bspa _cPE-LiUPU _erda |
||
| 049 | _aPRUA | ||
| 082 | 0 | 4 |
_a236.9 _bH59 _221 |
| 100 | 1 |
_aHitchcock, Mark, _d1959- , _eautor. |
|
| 245 | 1 | 0 |
_a2012, la biblia y el fin del mundo / _cMark Hithcock. |
| 246 | 3 | _aDos mil doce, la Biblia y el fin del mundo | |
| 264 | 1 |
_aMiami : _bEditorial Unilit, _c2010. |
|
| 300 |
_a187 páginas : _bilustraciones ; _c21 centímetros |
||
| 336 |
_atext _2rdacontent |
||
| 337 |
_aunmediated _2rdamedia |
||
| 338 |
_avolume _2rdacarrier |
||
| 504 | _aIncluye referencias bibliográficas. | ||
| 505 | 0 | _a21.12.12: ¿el fin del mundo tal como lo conocemos?: Ha comenzado la cuenta regresiva? -- ¿Un antiguo reloj del día del juicio final?: de regreso al futuro -- ¿Apocalipsis ahora?: Predicciones, profecías y posibilidades -- El libro perdido de Nostradamus: escudriñar la bola de cristal -- Los códigos bíblicos, el libro de Apocalipsis, y el Armagedón:¿está el 2012 en la Biblia? -- Las computadoras y el 2012: el proyecto robot de la red -- ¿Sabe alguien la hora?: los que fijan fechas y el fin del mundo -- ¿Puede alguien conocer el futuro?: en busca de respuestas -- Tiempo futuro: ¿qué va a suceder sobre la tierra? -- Al final, Dios: ¿cómo se acabará el mundo? -- Fijos los ojos en el horizonte: ¿qué buscar? -- El 2012 y usted: enfrente su futuro. | |
| 526 | _aSEG42 | ||
| 526 | _aSEG41 | ||
| 526 | _aSEG40 | ||
| 526 | _aSEG39 | ||
| 526 | _aP94 | ||
| 526 | _aP87 | ||
| 526 | _aP86 | ||
| 526 | _aP85 | ||
| 526 | _aP77 | ||
| 526 | _aP76 | ||
| 526 | _aP35 | ||
| 541 | _g001-0000567; | ||
| 630 | 0 |
_aBiblia. _xProfecías. _93777 |
|
| 650 | 0 | 4 |
_aFin del mundo _xEnseñanza Bíblica. |
| 650 | 0 | 4 |
_aCalendario Maya _xMiscelánea. |
| 650 | 0 | 4 | _aProfecías Mayas. |
| 650 | 0 | 4 |
_aSiglo XXI _xPronósticos. |
| 650 | 0 | 4 |
_aEscatología. _95923 |
| 910 |
_agl _cjck _d20120521 |
||
| 942 |
_2ddc _cBOOK |
||
| 949 |
_a236.9 H59 _wDEWEY _c1 _i64690 _lCCODEBUL1 _mBUL _p13.00 _r0 _sY _tBOOK _u2015-7-6 _xTEOLOGIA _PP35 _o.STAFF. Colección General |
||
| 994 |
_aC0 _bPEPRU |
||
| 596 | _a1 | ||
| 999 |
_a236.9 H59 _wDEWEY _c53395 _i64690 _d53395 _e2016-3-21 _f2021-11-10 _g5 _lCCODEBUL1 _mBUL _n3 _p13.00 _r0 _sY _tBOOK _u2015-7-6 _xTEOLOGIA _PP35 _0COMPRA _o.STAFF. Colección Teología |
||
| 980 |
_818226 _gJaime Vilcazán Jefe de Análisis Documental |
||